| 000 | 00509nam a2200157 a 4500 | ||
|---|---|---|---|
| 001 | 000017218 | ||
| 005 | 20200929165043.0 | ||
| 008 | 100319s1974 dr c 000 0 spa d | ||
| 040 |
_aDO-SdBNP _bspa _cBNPHU |
||
| 082 |
_axxx _bS612s |
||
| 111 | 2 |
_aSimposio sobre el aborto _d(1974 sept. 17 : _cSanto Domingo) _937862 |
|
| 245 | 1 | 0 |
_aSimposio sobre el aborto / _cArturo Damiron Ricart. |
| 260 |
_aSanto Domingo : _bAcademia Dominicana de Medicina, _c1974. |
||
| 300 |
_a70 cm. : _bretrs. ; _c27 cm. |
||
| 049 | _aBNPD | ||
| 999 |
_c16743 _d16743 |
||